Every NFL Fullback of the 2020's - Statistics

General Stats
  • This quiz has been taken 16 times
  • The average score is 10 of 45
Answer Stats
Team's Answer Primary Team % Correct
Patrick Ricard Ravens
93%
C.J. Ham Vikings
57%
Alec Ingold Dolphins
57%
Jakob Johnson Patriots
57%
Kyle Juszczyk 49ers
50%
Hunter Luepke Cowboys
50%
Latavius Murray Raiders
50%
Keith Smith Falcons
50%
Reggie Gilliam Bills
43%
Connor Heyward Steelers
43%
Derek Watt Steelers
43%
Nick Bawden Lions
29%
Michael Burton Saints
29%
Zander Horvath Chargers
29%
Jonathan Williams Football Team
29%
Kenjon Barner Buccaneers
21%
Andrew Beck Broncos
21%
Khari Blasingame Titans
21%
British Brooks Texans
21%
Scott Matlock Chargers
21%
Robbie Ouzts Seahawks
21%
Adam Prentice Saints
21%
Anthony Sherman Chiefs
21%
Jack Westover Patriots
21%
Malcomn Brown Rams
14%
Andy Janovich Browns
14%
Ben VanSumeren Eagles
14%
Alex Armah Panthers
7%
Cullen Gillaspia Texans
7%
Jeremiah Hall Giants
7%
Jamize Olawale Cowboys
7%
Ezekiel Turner Cardinals
7%
Nick Bellmore Seahawks
0%
Robert Burns Falcons
0%
Jason Cabinda Bears
0%
Chandler Cox Dolphins
0%
Jason Huntley Eagles
0%
John Lovett Packers
0%
Ben Mason Ravens
0%
Gabe Nabers Chargers
0%
Eli Penny Giants
0%
Clint Ratkovich Falcons
0%
Trevor Schmitt Jets
0%
Mason Stokke Football Team
0%
Elijah Wellman Packers
0%
No matching quizzes found
Score Distribution
Percent of People with Each Score
Percentile by Number Answered
Your Score History
You have not taken this quiz